000 00827nas a2200253 4500
001 BR9904332
003 BR-BrBNA
005 20231205101546.0
007 ta
008 230509b bl.|||p| |||| 00| 00por d
040 _aBR-BrBNA
_bpor
_cBiblioteca Nacional de Agricultura
041 _a(Pt)
072 _aQ04; D50
100 1 _aPeixoto, E.R.M.
100 1 _aSantana, D.M.n.
100 1 _aAbrantes, S.
245 1 _aAvaliacao dos indices de indentidade e qualidade do azeite de oliva - proposta para atualizacao da legislacao brasileira
650 _aAzeite
650 _aControle de Qualidade
650 _aRegulamentacao
773 0 _tCiencia e Tecnologia de Alimentos (Brazil)
_xISSN 0101-2061
_g(Oct-Dec 1998), v. 18(4) p. 444-452
_wBR9904332
909 _a202311
_bLúcia
_c55
_dLúcia Elande
942 _2AGRIS
_n0
_cANA
999 _c162527
_d162527